[Event "Voronezh School Rating"]
[Site "Voronezh"]
[Date "2014.11.23"]
[Round "3.3"]
[White "Chernov, Vladimir S"]
[Black "Gasparian, Haik"]
[Result "1-0"]
[WhiteElo "1904"]
[BlackElo "2083"]
[PlyCount "81"]
[EventDate "2014.11.21"]
[EventType "tourn"]
[EventRounds "9"]
[EventCountry "RUS"]
[SourceTitle "EXT 2018"]
[Source "ChessBase"]
[SourceDate "2017.10.13"]
[SourceVersion "1"]
[SourceVersionDate "2017.10.13"]
[SourceQuality "1"]

1. d4 d5 2. Nf3 Nf6 3. c4 c6 4. cxd5 cxd5 5. Nc3 Nc6 6. Bf4 Bf5 7. e3 e6 8. Bb5 a6 9. Bxc6+ bxc6 10. Qa4 Qb6 11. 0-0 Be7 12. Ne5 Rc8 13. Bg5 Bd6 14. h3 Bxe5 15. dxe5 Nd7 16. e4 Bg6 17. exd5 cxd5 18. Qa3 f6 19. exf6 gxf6 20. Rae1 Kf7 21. Nxd5 Qc5 22. Qxa6 Rc6 23. Qb7 Qxd5 24. Rd1 Rb8 25. Qxd7+ Qxd7 26. Rxd7+ Ke8 27. Rg7 Rxb2 28. Bxf6 Rd2 29. a4 Rd7 30. Rxd7 Kxd7 31. a5 Rd6 32. Ra1 Bd3 33. Be5 Rd5 34. Bf4 Ba6 35. Be3 Kd6 36. Kh2 Ke5 37. Bb6 Rd3 38. Rc1 Ra3 39. Rc5+ Kd6 40. Rh5 Ra4 41. Rxh7 1-0

[Event "Voronezh School Rating"]
[Site "Voronezh"]
[Date "2014.11.22"]
[Round "2.4"]
[White "Gasparian, Haik"]
[Black "Cherednichenko, Dmitrij"]
[Result "1-0"]
[WhiteElo "2083"]
[BlackElo "1932"]
[PlyCount "65"]
[EventDate "2014.11.21"]
[EventType "tourn"]
[EventRounds "9"]
[EventCountry "RUS"]
[SourceTitle "EXT 2018"]
[Source "ChessBase"]
[SourceDate "2017.10.13"]
[SourceVersion "1"]
[SourceVersionDate "2017.10.13"]
[SourceQuality "1"]

1. Nf3 Nf6 2. d4 e6 3. c4 b6 4. g3 Bb7 5. Bg2 Be7 6. 0-0 0-0 7. Nc3 d5 8. Ne5 Na6 9. Bg5 c5 10. Rc1 Ne4 11. Be3 f6 12. Nf3 dxc4 13. Nxe4 Bxe4 14. Qa4 Nb4 15. dxc5 Nd5 16. Qxc4 Nxe3 17. Qxe6+ Rf7 18. Qxe4 Nxf1 19. Nd4 Rc8 20. Rxf1 Bxc5 21. Bh3 Re7 22. Be6+ Kh8 23. Nc6 Qe8 24. Nxe7 Qxe7 25. Rd1 Re8 26. Qd5 g6 27. Bg4 f5 28. Bf3 Qe5 29. Qf7 Qe7 30. Qc4 Qe6 31. Qc3+ Qe5 32. Rd8 Bd4 33. Rxe8+ 1-0

[Event "Voronezh op-A 18th"]
[Site "Voronezh"]
[Date "2014.06.12"]
[Round "1"]
[White "Pasiev, Rakhim"]
[Black "Gasparian, Haik"]
[Result "1-0"]
[WhiteElo "2410"]
[BlackElo "2089"]
[PlyCount "65"]
[EventDate "2014.06.12"]
[EventType "swiss"]
[EventRounds "9"]
[EventCountry "RUS"]
[SourceTitle "CBM 160 Extra"]
[Source "ChessBase"]
[SourceDate "2014.07.01"]
[SourceVersion "1"]
[SourceVersionDate "2014.07.01"]
[SourceQuality "1"]

1. d4 d5 2. Nc3 c6 3. e4 dxe4 4. Nxe4 Nd7 5. Nf3 Ngf6 6. Nxf6+ Nxf6 7. Bc4 e6 8. 0-0 Be7 9. Re1 0-0 10. Bd3 b6 11. Qe2 Bb7 12. c4 Re8 13. Be3 Qc7 14. a3 Rad8 15. Rad1 Ng4 16. Bc1 Nf6 17. Ne5 c5 18. dxc5 Bxc5 19. b4 Bd6 20. Bg5 h6 21. Bxf6 gxf6 22. Ng4 Kg7 23. Qb2 Be7 24. Qc1 Rh8 25. h3 h5 26. Ne3 Rhg8 27. Qc2 Qf4 28. Bf1 Rxd1 29. Qxd1 Kh6 30. g3 Bf3 31. Qd2 Kh7 32. Bg2 Qe4 33. Nd5 1-0

[Event "Voronezh-ch"]
[Site "Voronezh"]
[Date "2013.10.22"]
[Round "4"]
[White "Lukovnikov, Alexander"]
[Black "Gasparian, Haik"]
[Result "1-0"]
[WhiteElo "2270"]
[BlackElo "2047"]
[PlyCount "75"]
[EventDate "2013.10.18"]
[EventType "swiss"]
[EventRounds "9"]
[EventCountry "RUS"]
[SourceTitle "EXT 2014"]
[Source "ChessBase"]
[SourceDate "2013.11.20"]
[SourceVersion "1"]
[SourceVersionDate "2013.11.20"]
[SourceQuality "1"]

1. e4 e5 2. Nf3 Nc6 3. Bc4 Nf6 4. d4 exd4 5. e5 d5 6. Bb5 Ne4 7. Nxd4 Bd7 8. Bxc6 bxc6 9. 0-0 Bc5 10. f3 Ng5 11. Be3 Bb6 12. Qd2 h6 13. Nb3 Qe7 14. Nc3 Bf5 15. Rae1 Rd8 16. Bxb6 axb6 17. Nd4 Qd7 18. Nxf5 Qxf5 19. f4 Ne6 20. Ne2 0-0 21. Kh1 Rfe8 22. Ng3 Qg4 23. f5 Nc5 24. Rf4 Qg5 25. Qf2 h5 26. h4 Qh6 27. e6 fxe6 28. f6 Rf8 29. f7+ Kh7 30. Re5 g6 31. Nxh5 Kh8 32. Qd4 Nd7 33. Rxe6+ Kh7 34. Nf6+ Nxf6 35. Rexf6 c5 36. Qe5 Rd7 37. g3 Qg7 38. h5 1-0

[Event "Voronezh Rating op 10"]
[Site "Voronezh"]
[Date "2013.10.09"]
[Round "7"]
[White "Soboleva, Anastasia"]
[Black "Gasparian, Haik"]
[Result "0-1"]
[WhiteElo "1993"]
[BlackElo "2047"]
[PlyCount "96"]
[EventDate "2013.10.02"]
[EventType "swiss"]
[EventRounds "7"]
[EventCountry "RUS"]
[SourceTitle "EXT 2015"]
[Source "ChessBase"]
[SourceDate "2014.11.20"]
[SourceVersion "1"]
[SourceVersionDate "2014.11.20"]
[SourceQuality "1"]

1. e4 e5 2. Nf3 Nc6 3. Bb5 a6 4. Ba4 Nf6 5. 0-0 Be7 6. Re1 b5 7. Bb3 0-0 8. a4 b4 9. d3 d5 10. Nbd2 dxe4 11. Nxe4 Nxe4 12. dxe4 Bg4 13. Bd5 Bxf3 14. Qxf3 Nd4 15. Qd3 c6 16. Bc4 Qc8 17. Be3 Ne6 18. Rad1 Re8 19. Qd7 Nf8 20. Qd3 Qb7 21. Qb3 Bf6 22. Bc5 a5 23. c3 Ng6 24. Ra1 Bd8 25. Red1 Nf4 26. cxb4 Ne6 27. Bd6 Nd4 28. Qc3 Bb6 29. bxa5 Bxa5 30. b4 Bb6 31. a5 Ba7 32. Qg3 Bb8 33. Bc5 Ba7 34. a6 Qb8 35. Rdb1 Rd8 36. Ra5 Bxc5 37. Rxc5 Re8 38. Qa3 Qd6 39. Qa2 Ra7 40. h3 Qg6 41. b5 cxb5 42. Bxb5 Rb8 43. Bf1 Rd8 44. Rb7 Raa8 45. Rcc7 Rxa6 46. Qxa6 Nf3+ 47. Kh1 Qxa6 48. Bxa6 Rd1+ 0-1

[Event "Voronezh op-A 17th"]
[Site "Voronezh"]
[Date "2013.06.12"]
[Round "1"]
[White "Vavulin, Maksim"]
[Black "Gasparian, Haik"]
[Result "1-0"]
[WhiteElo "2356"]
[BlackElo "2047"]
[PlyCount "51"]
[EventDate "2013.06.12"]
[EventType "swiss"]
[EventRounds "9"]
[EventCountry "RUS"]
[SourceTitle "EXT 2014"]
[Source "ChessBase"]
[SourceDate "2013.11.20"]
[SourceVersion "1"]
[SourceVersionDate "2013.11.20"]
[SourceQuality "1"]

1. e4 e5 2. Nf3 Nc6 3. Bb5 a6 4. Bxc6 dxc6 5. 0-0 f6 6. d4 exd4 7. Nxd4 c5 8. Ne2 Be6 9. Nbc3 Ne7 10. Bf4 Ng6 11. Qxd8+ Kxd8 12. Rfd1+ Kc8 13. Bg3 h5 14. h3 b6 15. Nd5 Ne5 16. f4 Nc4 17. Nxc7 Kxc7 18. f5+ Bd6 19. Bxd6+ Nxd6 20. fxe6 Rad8 21. Nf4 Nxe4 22. Rxd8 Rxd8 23. Nxh5 g6 24. Re1 f5 25. e7 Rg8 26. Rxe4 1-0

[Event "Voronezh op 06"]
[Site "Voronezh"]
[Date "2012.06.30"]
[Round "5"]
[White "Gasparian, Haik"]
[Black "Koshelev, Vladimir"]
[Result "1-0"]
[WhiteElo "1985"]
[BlackElo "1917"]
[PlyCount "51"]
[EventDate "2012.06.26"]
[EventType "swiss"]
[EventRounds "9"]
[EventCountry "RUS"]
[SourceTitle "EXT 2013"]
[Source "ChessBase"]
[SourceDate "2012.11.22"]
[SourceVersion "1"]
[SourceVersionDate "2012.11.22"]
[SourceQuality "1"]

1. d4 e6 2. c4 Nf6 3. Nf3 c5 4. e3 b6 5. Nc3 Bb7 6. Be2 d5 7. cxd5 exd5 8. 0-0 Be7 9. dxc5 bxc5 10. Qb3 Qb6 11. Bb5+ Kf8 12. Rd1 c4 13. Qc2 Na6 14. Qe2 Nc7 15. Ba4 h5 16. Bc2 Re8 17. b3 Bb4 18. Na4 Qa6 19. a3 Bd6 20. Bb2 Rh6 21. Nd4 Ng4 22. h3 Ne5 23. Nf5 Rh8 24. bxc4 f6 25. Nxd6 Qxd6 26. Bb3 1-0

[Event "Voronezh op 16th"]
[Site "Voronezh"]
[Date "2012.06.15"]
[Round "4"]
[White "Klimentov, Roman"]
[Black "Gasparian, Haik"]
[Result "0-1"]
[WhiteElo "2274"]
[BlackElo "1985"]
[PlyCount "62"]
[EventDate "2012.06.12"]
[EventType "swiss"]
[EventRounds "9"]
[EventCountry "RUS"]
[SourceTitle "CBM 149 Extra"]
[Source "ChessBase"]
[SourceDate "2012.08.24"]
[SourceVersion "1"]
[SourceVersionDate "2012.08.24"]
[SourceQuality "1"]

1. e4 e5 2. Nf3 Nc6 3. Bb5 a6 4. Ba4 Nf6 5. 0-0 Nxe4 6. d4 b5 7. Bb3 d5 8. dxe5 Be6 9. Nbd2 Nc5 10. c3 d4 11. Bxe6 Nxe6 12. cxd4 Ncxd4 13. Ne4 Be7 14. Be3 Nf5 15. Qc2 0-0 16. Rad1 Qe8 17. Nf6+ Bxf6 18. exf6 Nxe3 19. fxe3 Rd8 20. fxg7 Kxg7 21. Qc3+ f6 22. e4 Qh5 23. Rxd8 Rxd8 24. e5 Rf8 25. Qc6 Qf5 26. Re1 b4 27. Qxa6 Nf4 28. Qc4 Qg4 29. Qxc7+ Kh6 30. Qc2 Rg8 31. Re4 Qxf3 0-1

[Event "Voronezh op 16th"]
[Site "Voronezh"]
[Date "2012.06.14"]
[Round "3"]
[White "Gasparian, Haik"]
[Black "Chuprikov, Dmitry"]
[Result "0-1"]
[WhiteElo "1985"]
[BlackElo "2386"]
[PlyCount "66"]
[EventDate "2012.06.12"]
[EventType "swiss"]
[EventRounds "9"]
[EventCountry "RUS"]
[SourceTitle "CBM 149 Extra"]
[Source "ChessBase"]
[SourceDate "2012.08.24"]
[SourceVersion "1"]
[SourceVersionDate "2012.08.24"]
[SourceQuality "1"]

1. d4 d5 2. c4 c6 3. Nf3 Nf6 4. Nc3 dxc4 5. a4 Bg4 6. Ne5 Bh5 7. f3 e6 8. Nxc4 Bb4 9. Qb3 Na6 10. e3 0-0 11. Bd2 c5 12. dxc5 Qe7 13. Ne5 Bxc5 14. Be2 Nb4 15. g4 Bg6 16. Nxg6 hxg6 17. g5 Nfd5 18. Nxd5 exd5 19. Rc1 a5 20. Kf2 d4 21. Bb5 Qxg5 22. h4 Qe5 23. e4 d3+ 24. Kg2 Rad8 25. Qc3 Bd4 26. Qc7 Rd6 27. Qxa5 Nc2 28. Qc7 Ne3+ 29. Bxe3 Bxe3 30. Rc3 Bb6 31. Qc4 Rd4 32. Qb3 d2 33. Bc4 Bc7 0-1